[Event "Mittelrhein Verbandsliga-W 1112"]
[Site "Germany"]
[Date "2012.02.26"]
[Round "7.7"]
[White "Classen, Herbert"]
[Black "Ivic, Roman Eric"]
[Result "0-1"]
[WhiteElo "1735"]
[BlackElo "2021"]
[PlyCount "94"]
[EventDate "2011.09.18"]
[EventType "team-tourn"]
[EventRounds "11"]
[EventCountry "GER"]
[SourceTitle "EXT 2013"]
[Source "ChessBase"]
[SourceDate "2012.11.22"]
[SourceVersion "1"]
[SourceVersionDate "2012.11.22"]
[SourceQuality "1"]
[WhiteTeam "Herzogenrath"]
[BlackTeam "Aachen Aufwaerts II"]
[WhiteTeamCountry "GER"]
[BlackTeamCountry "GER"]

1. e4 e5 2. Nf3 Nc6 3. Bb5 a6 4. Ba4 Nf6 5. 0-0 b5 6. Bb3 Be7 7. Re1 0-0 8. c3 d6 9. d4 Bg4 10. d5 Na5 11. Nbd2 h6 12. Nf1 Nh7 13. h3 Bh5 14. g4 Bg6 15. Ng3 Ng5 16. Kh2 Nxf3+ 17. Qxf3 Bg5 18. Nf5 Bxc1 19. Raxc1 Kh8 20. Rg1 Bh7 21. Bc2 Qf6 22. g5 hxg5 23. Qh5 Qg6 24. Qxg5 Qxg5 25. Rxg5 g6 26. Ne3 f6 27. Rg2 Rf7 28. Rcg1 Rg8 29. Ng4 Rgf8 30. Ne3 Nc4 31. Nxc4 bxc4 32. h4 Rb8 33. b4 cxb3 34. axb3 c6 35. Rd1 c5 36. Ra1 Ra7 37. Rgg1 f5 38. exf5 gxf5 39. Rg5 e4 40. Rag1 Rf8 41. Re1 Re7 42. f4 a5 43. Rg3 Rf6 44. h5 Rh6 45. Rg5 Rf6 46. Kg3 Rf8 47. Kf2 c4 0-1

[Event "Leverkusen Bayer op 10th"]
[Site "Leverkusen"]
[Date "2012.02.08"]
[Round "3"]
[White "Ivic, Roman Eric"]
[Black "Maczkowiak, Thomas"]
[Result "1/2-1/2"]
[WhiteElo "2021"]
[BlackElo "1846"]
[PlyCount "32"]
[EventDate "2012.01.11"]
[EventType "swiss"]
[EventRounds "7"]
[EventCountry "GER"]
[SourceTitle "EXT 2014"]
[Source "ChessBase"]
[SourceDate "2013.11.20"]
[SourceVersion "1"]
[SourceVersionDate "2013.11.20"]
[SourceQuality "1"]

1. d4 Nf6 2. Nf3 g6 3. c4 Bg7 4. Nc3 d5 5. b3 0-0 6. e3 c5 7. Bb2 Nc6 8. Be2 Bg4 9. Ne5 Bxe2 10. Qxe2 Rc8 11. cxd5 Nxe5 12. dxe5 Nxd5 13. Nxd5 Qxd5 14. e4 Qe6 15. f4 c4 16. Qf3 Qb6 1/2-1/2

[Event "Leverkusen Bayer op 10th"]
[Site "Leverkusen"]
[Date "2012.01.25"]
[Round "2"]
[White "Speck, Stefan"]
[Black "Ivic, Roman Eric"]
[Result "1/2-1/2"]
[WhiteElo "1925"]
[BlackElo "2021"]
[PlyCount "139"]
[EventDate "2012.01.11"]
[EventType "swiss"]
[EventRounds "7"]
[EventCountry "GER"]
[SourceTitle "EXT 2014"]
[Source "ChessBase"]
[SourceDate "2013.11.20"]
[SourceVersion "1"]
[SourceVersionDate "2013.11.20"]
[SourceQuality "1"]

1. d4 d5 2. c4 e6 3. Nf3 c6 4. e3 Bb4+ 5. Nc3 Nf6 6. Qc2 Nbd7 7. Bd3 0-0 8. 0-0 Bd6 9. b3 b6 10. Bb2 Ba6 11. cxd5 Bxd3 12. Qxd3 exd5 13. Rac1 Re8 14. Ne2 Rc8 15. Ng3 Ne4 16. Qa6 Bb8 17. Rfd1 Qe7 18. Rc2 Qe6 19. Qa4 f5 20. Rdc1 c5 21. dxc5 bxc5 22. b4 Nxg3 23. hxg3 Nb6 24. Qa6 cxb4 25. Rxc8 Rxc8 26. Rxc8+ Qxc8 27. Qd3 Qd7 28. Qd4 Nc4 29. Ba1 a5 30. Qh4 Bc7 31. Ng5 h6 32. Nf3 a4 33. Qd4 Bb6 34. Qf4 Bc7 35. Qd4 Kh7 36. Qd3 Qe6 37. Qb1 Bd6 38. Qd1 Qe4 39. Kh2 a3 40. Nd4 Nb2 41. Qc1 Nd3 42. Qd2 Ne5 43. Qc1 Ng4+ 44. Kg1 Be5 45. Kf1 Qd3+ 46. Ke1 Nh2 47. Ne2 Bxa1 48. Qxa1 Qc2 49. f3 Qb2 50. Qd1 Qxa2 51. Kf2 Qb2 52. Qxd5 Qb1 53. g4 Qc2 54. e4 Qc8 55. e5 fxg4 56. e6 g3+ 57. Nxg3 Qc7 58. Qd3+ Kg8 59. Qd7 Qc5+ 60. Ke2 a2 61. e7 Qxe7+ 62. Qxe7 a1Q 63. Qe8+ Kh7 64. Qe4+ g6 65. Qxb4 Qe5+ 66. Kf2 Qa1 67. Qe7+ Kg8 68. Qe8+ Kh7 69. Qf7+ Kh8 70. Qf8+ 1/2-1/2

[Event "Cologne Ford op"]
[Site "Cologne"]
[Date "2009.05.18"]
[Round "4"]
[White "Ivic, Roman Eric"]
[Black "Grotjohann, Torsten"]
[Result "1-0"]
[WhiteElo "2048"]
[BlackElo "1976"]
[PlyCount "95"]
[EventDate "2009.04.27"]
[EventType "swiss"]
[EventRounds "7"]
[EventCountry "GER"]
[SourceTitle "EXT 2011"]
[Source "ChessBase"]
[SourceDate "2010.11.26"]
[SourceVersion "1"]
[SourceVersionDate "2010.11.26"]
[SourceQuality "1"]

1. d4 d5 2. Nf3 Nf6 3. c4 c6 4. Nc3 e6 5. Qc2 Be7 6. e3 Nbd7 7. b3 c5 8. Bd3 Nb6 9. 0-0 0-0 10. dxc5 dxc4 11. Bxh7+ Nxh7 12. cxb6 Qxb6 13. bxc4 Qc5 14. Nb5 Qh5 15. Bb2 Bd7 16. Nbd4 Ng5 17. Nxg5 Qxg5 18. f4 Qh5 19. Rf3 e5 20. fxe5 Bg4 21. Rf2 Qxe5 22. Re1 Qg5 23. Nf3 Qh6 24. Qe4 Bxf3 25. Qxe7 Rfe8 26. Qc5 Be4 27. h3 a6 28. Qc7 Qe6 29. Qg3 Qg6 30. Qh2 Rad8 31. Bd4 Bf5 32. Ref1 Be6 33. c5 Bc4 34. Rc1 Bd5 35. Rf4 Re4 36. Rcf1 Rde8 37. R4f3 Qh6 38. Qg3 Bxa2 39. Rf5 g6 40. R5f4 Bd5 41. Rxe4 Rxe4 42. Qb8+ Qf8 43. Qg3 Qe7 44. Rf5 Rxd4 45. exd4 Qe4 46. Rf4 Qb1+ 47. Kh2 Qa2 48. Rh4 1-0

[Event "Leverkusen-ch op"]
[Site "Leverkusen"]
[Date "2008.03.16"]
[Round "6"]
[White "Ivic, Roman Eric"]
[Black "Kraemer, Detlef"]
[Result "1-0"]
[WhiteElo "2060"]
[BlackElo "1882"]
[PlyCount "125"]
[EventDate "2008.01.14"]
[EventType "swiss"]
[EventRounds "7"]
[EventCountry "GER"]
[SourceTitle "EXT 2010"]
[Source "ChessBase"]
[SourceDate "2010.11.25"]
[SourceVersion "1"]
[SourceVersionDate "2010.11.25"]
[SourceQuality "1"]

1. d4 d5 2. Nf3 Nf6 3. b3 Bg4 4. Ne5 Bh5 5. g3 e6 6. Bg2 Nbd7 7. Bb2 c5 8. 0-0 Be7 9. c4 0-0 10. cxd5 Nxd5 11. Nd3 Bf6 12. Bxd5 exd5 13. Nf4 Bg4 14. Nxd5 Bxd4 15. Bxd4 cxd4 16. Qxd4 Bxe2 17. Re1 Bf3 18. Ne7+ Kh8 19. Nd2 Bh5 20. g4 Bg6 21. Nc4 Nf6 22. Nxg6+ fxg6 23. Qf4 Nh5 24. Qe3 Nf4 25. Qg3 Rc8 26. Re4 g5 27. Rae1 Qf6 28. Re5 Rcd8 29. Rf5 Rde8 30. Ne5 Qa6 31. Qe3 h6 32. Qe4 Kg8 33. h4 Rxf5 34. gxf5 Qd6 35. hxg5 Nh3+ 36. Kg2 Nxg5 37. Qc4+ Kh7 38. f4 Qf6 39. fxg5 Qxg5+ 40. Kf3 Rf8 41. Qe4 Rxf5+ 42. Ke2 Kg8 43. Kd3 Qg3+ 44. Re3 Qg5 45. Qxb7 Rf8 46. Qd5+ Kh7 47. Qe4+ Kg8 48. Kc3 Rf2 49. a4 Qg1 50. Nd3 Qa1+ 51. Kb4 Rf6 52. a5 a6 53. Qc4+ Kh7 54. Re8 Rf5 55. Qe4 Qf6 56. Re5 g6 57. Qb7+ Qg7 58. Qxg7+ Kxg7 59. Rxf5 gxf5 60. Kc5 Kf6 61. Kd5 Kg5 62. Ke5 Kg4 63. b4 1-0

[Event "Leverkusen-ch op"]
[Site "Leverkusen"]
[Date "2008.01.14"]
[Round "1"]
[White "Friedsam, Manfred"]
[Black "Ivic, Roman Eric"]
[Result "0-1"]
[WhiteElo "1804"]
[BlackElo "2060"]
[PlyCount "52"]
[EventDate "2008.01.14"]
[EventType "swiss"]
[EventRounds "7"]
[EventCountry "GER"]
[SourceTitle "EXT 2010"]
[Source "ChessBase"]
[SourceDate "2010.11.25"]
[SourceVersion "1"]
[SourceVersionDate "2010.11.25"]
[SourceQuality "1"]

1. e4 c5 2. Nc3 d6 3. g3 Nf6 4. Bg2 Nc6 5. d3 g6 6. f4 Bg7 7. Nf3 Bg4 8. 0-0 Nd4 9. Ne2 Nxf3+ 10. Bxf3 Bh3 11. Bg2 Qd7 12. c3 h5 13. f5 Bxg2 14. Kxg2 h4 15. Ng1 hxg3 16. hxg3 gxf5 17. exf5 0-0-0 18. d4 Rh5 19. Qf3 Rdh8 20. Rf2 Qb5 21. Re2 cxd4 22. cxd4 Rh1 23. Be3 R8h2+ 24. Kf1 Ne4 25. Rc1+ Kd7 26. Rcc2 Qd3 0-1

[Event "Troisdorf op"]
[Site "Troisdorf"]
[Date "2006.10.24"]
[Round "1"]
[White "Graf, Rodolfo"]
[Black "Ivic, Roman Eric"]
[Result "0-1"]
[WhiteElo "1750"]
[BlackElo "2139"]
[PlyCount "86"]
[EventDate "2006.10.24"]
[EventType "swiss"]
[EventRounds "7"]
[EventCountry "GER"]
[SourceTitle "EXT 2011"]
[Source "ChessBase"]
[SourceDate "2010.11.26"]
[SourceVersion "1"]
[SourceVersionDate "2010.11.26"]
[SourceQuality "1"]

1. d4 d5 2. c4 e6 3. Nc3 Nf6 4. Nf3 Be7 5. Bg5 0-0 6. e3 h6 7. Bf4 c5 8. Bd3 a6 9. a4 Nc6 10. Rc1 cxd4 11. exd4 Qb6 12. 0-0 dxc4 13. Bxc4 Qxb2 14. Ne5 Na5 15. Ba2 b5 16. Rc2 Qb4 17. Qf3 Bb7 18. Qg3 Nh5 19. Qg4 Nxf4 20. Qxf4 Bg5 21. Qg4 Rac8 22. Nxf7 Rxf7 23. Bxe6 Re8 24. Bxf7+ Kxf7 25. Qf5+ Bf6 26. Nd5 Qxd4 27. Rc7+ Kf8 28. Nf4 Kg8 29. Qh5 Rf8 30. Ne6 Qe4 31. Rxb7 Qxe6 32. Rc7 Bd8 33. Rc2 b4 34. Re2 Qf7 35. Qc5 b3 36. Rd2 Nb7 37. Qc6 Na5 38. Qxa6 Qc7 39. Qe6+ Kh8 40. Rd7 Qc3 41. Rfd1 Bf6 42. Qd6 Re8 43. h3 Re1+ 0-1

[Event "Troisdorf op"]
[Site "Troisdorf"]
[Date "2005.10.18"]
[Round "1.2"]
[White "Dieterle, Robert"]
[Black "Ivic, Roman Eric"]
[Result "0-1"]
[WhiteElo "1796"]
[BlackElo "2118"]
[PlyCount "82"]
[EventDate "2005.10.18"]
[EventType "swiss"]
[EventRounds "7"]
[EventCountry "GER"]
[SourceTitle "EXT 2006"]
[Source "ChessBase"]
[SourceDate "2005.11.24"]
[SourceVersion "1"]
[SourceVersionDate "2005.11.24"]
[SourceQuality "1"]

1. d4 d5 2. c4 e6 3. Nc3 g6 4. Nf3 Bg7 5. Bf4 Ne7 6. e3 0-0 7. Rc1 c6 8. cxd5 exd5 9. Bd3 Nd7 10. b4 f5 11. 0-0 Nf6 12. Qb3 Kh8 13. b5 Bd7 14. Bd6 Ne4 15. Bxe4 fxe4 16. Ne5 Rf6 17. Bxe7 Qxe7 18. bxc6 bxc6 19. Qb7 Rd8 20. Nxc6 Rxc6 21. Nxd5 Qd6 22. Nf4 a5 23. Qb1 Rdc8 24. Ne2 Rxc1 25. Rxc1 Rxc1+ 26. Nxc1 Qb4 27. Qxb4 axb4 28. h3 Bb5 29. f3 exf3 30. gxf3 Bf6 31. Nb3 Bc4 32. Kg2 h5 33. Kg3 g5 34. e4 h4+ 35. Kf2 Bxb3 36. axb3 Bxd4+ 37. Ke2 Kg7 38. Kd3 Bc3 39. Kc4 Kf6 40. Kd5 Ke7 41. e5 Kd7 0-1

[Event "BL2-West 0304"]
[Site "Germany"]
[Date "2004.??.??"]
[Round "?.6"]
[White "Hengelbrock, Joachim"]
[Black "Ivic, Roman Eric"]
[Result "1/2-1/2"]
[WhiteElo "2315"]
[BlackElo "2290"]
[PlyCount "21"]
[EventDate "2003.12.14"]
[EventType "team-tourn"]
[EventRounds "9"]
[EventCountry "GER"]
[SourceTitle "CBM 100 Extra"]
[Source "ChessBase"]
[SourceDate "2004.07.06"]
[SourceVersion "2"]
[SourceVersionDate "2004.07.06"]
[SourceQuality "1"]
[WhiteTeam "Bochum"]
[BlackTeam "Bergheim"]
[WhiteTeamCountry "GER"]
[BlackTeamCountry "GER"]

1. e4 e5 2. Nf3 Nc6 3. Bb5 Nf6 4. Qe2 d6 5. c3 Bd7 6. d3 Be7 7. Nbd2 0-0 8. Nf1 a6 9. Ba4 b5 10. Bc2 h6 11. h3 1/2-1/2

[Event "Leverkusen-ch 15th"]
[Site "Leverkusen"]
[Date "2003.04.14"]
[Round "8"]
[White "Balduan, Markus"]
[Black "Ivic, Roman Eric"]
[Result "1/2-1/2"]
[WhiteElo "2297"]
[BlackElo "2048"]
[PlyCount "130"]
[EventDate "2003.01.06"]
[EventType "swiss"]
[EventRounds "9"]
[EventCountry "GER"]
[SourceTitle "EXT 2006"]
[Source "ChessBase"]
[SourceDate "2005.11.24"]
[SourceVersion "1"]
[SourceVersionDate "2005.11.24"]
[SourceQuality "1"]

1. Nf3 Nf6 2. c4 b6 3. g3 Bb7 4. Bg2 c5 5. 0-0 g6 6. Nc3 Bg7 7. d4 cxd4 8. Nxd4 Bxg2 9. Kxg2 Nc6 10. Nc2 0-0 11. e4 Qc7 12. Ne3 Qb7 13. f3 Nh5 14. Qd3 Rac8 15. Bd2 d6 16. Rac1 Nd4 17. Nc2 Ne6 18. b3 f5 19. exf5 Rxf5 20. Nd5 Nc5 21. Qe2 Re5 22. Nce3 e6 23. Nc3 d5 24. cxd5 exd5 25. Nb5 Re6 26. b4 d4 27. bxc5 dxe3 28. Qc4 Qf7 29. Bxe3 bxc5 30. Nxa7 Rce8 31. Bxc5 Bh6 32. Rc2 Ng7 33. Nb5 Nf5 34. Kh1 Rc6 35. Qxf7+ Kxf7 36. Na7 Rc7 37. Rff2 Re1+ 38. Kg2 Be3 39. Nb5 Rxc5 40. Rxc5 Bxc5 41. Rb2 Rg1+ 42. Kh3 h5 43. Nc3 Ne3 44. Ne4 Be7 45. Re2 Nd5 46. f4 Ba3 47. Ng5+ Kg7 48. Rd2 Nf6 49. Rd3 Be7 50. Re3 Kf8 51. Nf3 Ra1 52. Nh4 Kf7 53. Nxg6 Kxg6 54. Rxe7 Rxa2 55. Re6 Kf7 56. Rb6 Rf2 57. Ra6 Kg6 58. Rb6 Rd2 59. Ra6 Kf5 60. Ra5+ Nd5 61. Rb5 Ke4 62. Ra5 Kf3 63. Rb5 Nf6 64. Rb3+ Ke4 65. Rb4+ Kf5 1/2-1/2

[Event "Troisdorf op"]
[Site "Troisdorf"]
[Date "2002.11.26"]
[Round "5"]
[White "Koopmeiners, Karl"]
[Black "Ivic, Roman Eric"]
[Result "0-1"]
[WhiteElo "1973"]
[BlackElo "2036"]
[PlyCount "58"]
[EventDate "2002.10.??"]
[EventType "swiss"]
[EventRounds "7"]
[EventCountry "GER"]
[SourceTitle "EXT 2005"]
[Source "ChessBase"]
[SourceDate "2004.11.15"]
[SourceVersion "1"]
[SourceVersionDate "2004.11.15"]
[SourceQuality "1"]

1. d4 d5 2. c4 e6 3. Nc3 Nf6 4. Bg5 Nbd7 5. cxd5 exd5 6. e3 c6 7. Bd3 Bd6 8. Qc2 h6 9. Bh4 Qa5 10. Nf3 0-0 11. Bg3 Bxg3 12. hxg3 c5 13. Kf1 Re8 14. Bf5 b5 15. g4 b4 16. Ne2 Ne4 17. Nf4 cxd4 18. Nxd4 Ndf6 19. Kg1 Bxf5 20. Nxf5 b3 21. Qxb3 Qd2 22. Nh3 Rab8 23. Qd1 Qxb2 24. Rc1 Nc3 25. Rxc3 Qxc3 26. g5 hxg5 27. Nxg5 Re5 28. g4 Rb4 29. Rh4 Rxf5 0-1